000 00257nam a2200121Ia 4500
008 140130s9999 xx 000 0 und d
245 _cLakin, Patricia
_aSnow day
260 _bScholastic,
440 _v1
521 _aBR
942 _cBK
999 _c41554
_d41554